Nosotros en la luna / (Registro nro. 525)
[ vista simple ]
| 000 -LEADER | |
|---|---|
| fixed length control field | 01286nam a22002297a 4500 |
| 003 - CONTROL NUMBER IDENTIFIER | |
| control field | OSt |
| 005 - DATE AND TIME OF LATEST TRANSACTION | |
| control field | 20250624160423.0 |
| 008 - FIXED-LENGTH DATA ELEMENTS--GENERAL INFORMATION | |
| fixed length control field | 250624s2023 ag ||||| |||| 00| f spa d |
| 020 ## - INTERNATIONAL STANDARD BOOK NUMBER | |
| International Standard Book Number | 9789504974611 |
| 040 ## - CATALOGING SOURCE | |
| Transcribing agency | besoc |
| 100 10 - MAIN ENTRY--PERSONAL NAME | |
| Personal name | Kellen, Alice, |
| Dates associated with a name | 1989- |
| 245 10 - TITLE STATEMENT | |
| Title | Nosotros en la luna / |
| Statement of responsibility, etc. | Alice Kellen |
| 260 ## - PUBLICATION, DISTRIBUTION, ETC. | |
| Place of publication, distribution, etc. | Buenos Aires : |
| Name of publisher, distributor, etc. | Planeta, |
| Date of publication, distribution, etc. | 2023 |
| 300 ## - PHYSICAL DESCRIPTION | |
| Extent | 477 p. |
| 520 ## - SUMMARY, ETC. | |
| Summary, etc. | Una noche en París. Dos caminos entrelazándose.<br/>Cuando Rhys y Ginger se conocen en las calles de la Ciudad de la Luz, no imaginan que sus vidas se unirán para siempre, a pesar de la distancia y de que no pueden ser mas diferentes. Ella vive en Londres y a veces se siente tan perdida que se ha olvidado hasta de sus propios sueños. Él es incapaz de quedarse quieto en ningún lugar y cree saber quien es. Y cada noche su amistad crece entre e-mails llenos de confidencias, dudas e inquietudes. Pero ¿Qué ocurre cuando el paso del tiempo pone a prueba su relacion? ¿Es posible colgarse de la luna junto a otra persona sin poner el riesgo el corazón?<br/>Una historia sobre el amor, el destino y la búsqueda de uno mismo. [Nota del editor] |
| 648 #4 - SUBJECT ADDED ENTRY--CHRONOLOGICAL TERM | |
| Chronological term | Siglo XXI |
| 650 #4 - SUBJECT ADDED ENTRY--TOPICAL TERM | |
| Topical term or geographic name entry element | Literatura |
| 651 #4 - SUBJECT ADDED ENTRY--GEOGRAPHIC NAME | |
| Geographic name | España |
| 653 ## - INDEX TERM--UNCONTROLLED | |
| Uncontrolled term | Colección juvenil |
| 655 #4 - INDEX TERM--GENRE/FORM | |
| Genre/form data or focus term | Novela |
| 942 ## - ADDED ENTRY ELEMENTS (KOHA) | |
| Source of classification or shelving scheme | Universal Decimal Classification |
| Koha item type | Obra General |
| Suppress in OPAC | No |
| Withdrawn status | Lost status | Source of classification or shelving scheme | Damaged status | Not for loan | Collection | Home library | Current library | Date acquired | Total checkouts | Full call number | Barcode | Date last seen | Date last checked out | Price effective from | Koha item type |
|---|---|---|---|---|---|---|---|---|---|---|---|---|---|---|---|
| Universal Decimal Classification | Colección General | Biblioteca Escuela de Ciencias Sociales | Biblioteca Escuela de Ciencias Sociales | 24/06/2025 | 1 | 82-31(460) K29 | 001451 | 05/05/2026 | 17/04/2026 | 24/06/2025 | Obra General |